Państwa graniczące z Nigrem - Statystyki

Ogólne statystyki
  • Ten quiz został rozwiązany 81 razy
  • Średni wynik to 6 z 7
Statystyki odpowiedzi
Długość granicy w km Odpowiedź % Poprawnych
1497 Nigeria
96%
1175 Czad
95%
956 Algieria
91%
821 Mali
89%
354 Libia
86%
628 Burkina Faso
80%
266 Benin
72%
Nie znaleziono quizów pasujących do podanych kryteriów
Rozkład punktacji
Procent ludzi z każdym wynikiem
Percentyl według liczby udzielonych odpowiedzi
Twoja historia wyników
Nie rozwiązałeś tego quizu